OPAC Home

කතා කරන හිස් කබලේ අබිරහස (Record no. 40803)

MARC details
000 -LEADER
fixed length control field 00613nam a2200193Ia 4500
008 - FIXED-LENGTH DATA ELEMENTS--GENERAL INFORMATION
fixed length control field 120906t2004 xxu||||| |||| 00| 0 sin d
041 ## - LANGUAGE CODE
Language code of text/sound track or separate title Sinhala; Sinhalese
080 ## - UNIVERSAL DECIMAL CLASSIFICATION NUMBER
Universal Decimal Classification number 8-31 (eng)
Item number ART
942 ## - ADDED ENTRY ELEMENTS (KOHA)
Koha item type Books
003 - CONTROL NUMBER IDENTIFIER
control field LK-CoDNM
040 ## - CATALOGING SOURCE
Original cataloging agency LK-CoDNM
Modifying agency LK-CoDNM
Description conventions LK-CoDNM
100 ## - MAIN ENTRY--PERSONAL NAME
Personal name Arthur,Robert
700 ## - ADDED ENTRY--PERSONAL NAME
Personal name Rajendra,J.N
Relator term translater
245 ## - TITLE STATEMENT
Title කතා කරන හිස් කබලේ අබිරහස
246 ## - VARYING FORM OF TITLE
Title proper/short title Katha Karana His Kabale Abirahasa
260 ## - PUBLICATION, DISTRIBUTION, ETC. (IMPRINT)
Place of publication, distribution, etc. Sarasawi Publishers
-- Nugegoda
Date of publication, distribution, etc. 2004
300 ## - PHYSICAL DESCRIPTION
Other physical details 152p, 18 cm
500 ## - GENERAL NOTE
General note Sinhalese Translation Of robert Arthur's of The Mystery of The Talking Skull
Holdings
Withdrawn status Lost status Damaged status Not for loan Collection code Permanent Location Current Location Date acquired Full call number Barcode Koha item type
        Translation Library National Museum Colombo - Sri Lanka Library National Museum Colombo - Sri Lanka 2012-09-06 8-31 (eng) ART 143755 Books
Copyright © 2023 Department of National Museum, Colombo 07, Sri Lanka Funded by UNESCO IFAP UNESCO